Trends shaping education 2010

Salvato in:
Dettagli Bibliografici
Ente Autore: Centre for Educational Research and Innovation (OECD)
Natura: Libro
Lingua:inglese
Pubblicazione: Paris OECD 2010
Soggetti:
Tags: Aggiungi Tag
Nessun Tag, puoi essere il primo ad aggiungerne!!

MARC

LEADER 00000nam$a2200000$$$4500
001 0126260
005 20221108071433.0
020 |a 978-92-64-07526-9 
041 0 |a eng 
044 |a FR 
245 1 0 |a Trends shaping education 2010 
264 1 |a Paris  |b OECD  |c 2010 
300 |a 89 s. 
610 2 0 |a populácia 
610 2 0 |a nerovnosť 
610 2 0 |a chudoba 
610 2 0 |a globalizácia hospodárstva 
610 2 0 |a vzdelávanie 
610 2 0 |a výdavky 
610 2 0 |a trh práce 
610 2 0 |a ženy 
610 2 0 |a deti 
610 2 0 |a študenti 
610 2 0 |a využitie počítačov 
610 2 0 |a porovnanie štatistické medzinárodné 
710 2 |a Centre for Educational Research and Innovation (OECD)